[Event "POR-chT"]
[Site "Porto"]
[Date "2013.08.18"]
[Round "2.1"]
[White "Berg, Emanuel"]
[Black "Rocha, Sergio MC"]
[Result "1/2-1/2"]
[WhiteElo "2539"]
[BlackElo "2414"]
[Annotator "Berg,E"]
[PlyCount "101"]
[EventDate "2013.08.18"]
[EventType "team-tourn"]
[EventRounds "9"]
[EventCountry "POR"]
[SourceTitle "CBM 156"]
[Source "ChessBase"]
[SourceDate "2013.09.17"]
[SourceVersion "1"]
[SourceVersionDate "2013.09.17"]
[SourceQuality "1"]
[WhiteTeam "Mata de Benfica"]
[BlackTeam "Barreirense"]
[WhiteTeamCountry "POR"]
[BlackTeamCountry "POR"]

1. e4 c5 2. d4 cxd4 3. c3 $5 {The Morra Gambit, is that still playable? Well,
having buried it back in the days of my youth in 1992 it came as a surprise
both to me and my opponents when I revived it more than 20 years later. The
unleashing came about a week before this game during the Manhems GM-Tournament
in Gothenburg where I had the delight to try it even twice over the nine
rounds. It is no secret that the book "Mayhem in the Morra" by IM Marc
Esserman bears all the guilt for my recent reintroduction to this opening.}
dxc3 4. Nxc3 Nc6 5. Nf3 d6 6. Bc4 a6 {This is a smart move order for Black as}
(6... Nf6 7. e5 $1 {gives White a good game}) ({while} 6... e6 {deprives the
bishop on c8 of going to g4.}) 7. O-O Nf6 8. Bf4 $1 ({In my first encounter
with this line in 2013 I played} 8. h3 $2 {preventing ...Bg4. This was
obviously too slow which I also knew. However being slightly surprised I
decided just to play a practical move. After} e6 9. Bf4 Be7 10. Qe2 b5 11. Bb3
Na5 12. Rfd1 Qb6 13. Bc2 Bb7 {Berg,E (2539)-Hillarp Persson,T (2529)
Gothenburg 2013; Black had definitely succeeded in the opening in achieving a
slight advantage. White's activity still gives some compensation but not quite
enough to compensate for the pawn.}) 8... Bg4 9. h3 Bxf3 {This is clearly the
most popular reply.} ({However} 9... Bh5 {is given as the main alternative in
Esserman's book and is also the move slightly favoured by my computer engine.})
10. Qxf3 e6 11. Rfd1 Qc7 $6 {This move is given as dubious by Esserman. Indeed
the queen comes quickly under attack on c7 bu it will have to movet somewhere
and White get some active counterplay in all cases.} ({The other options are} 
11... Qb8) (11... Qb6) ({and} 11... Qa5) 12. Rac1 Be7 13. Bb3 {Preparing to go
with the knight to d5.} Rc8 ({After} 13... O-O {the following line is given by
Esserman} 14. Nd5 exd5 15. exd5 Nxd5 16. Bxd5 Rac8 17. b4 {This might well
need a closer look, but White certainly has good compensation for the pawn
here which the computer engine also agrees with when giving White a slight
advantage.}) (13... Qb8 $5 $146 {is possible but seems like a waste of time
first going to c7 and then to b8. The advantage however compared with 11...Qb8
is that now Black has the bishop developed to e7 and is just a move away from
castling. White has basically won the extra tempo of Bb3 which perhaps might
not be that important. A logical continuation is} 14. Na4 {Trying to make use
of the weak b6-square. Then Black does best in returning with} Qc7 {when it's
up to White to find something better than a repetition.}) 14. Nd5 $1 {This is
a temporary piece sacrifice which is a common theme for the Morra Gambit as a
whole.} exd5 15. exd5 Ne5 {With this move Black hangs on to the extra piece
for the moment but will sooner or later have to give it back anyway.} 16. Qe3
$6 {A slight inaccuracy. When trying to remember the book lines I simply
forgot to consider White's optimal setup if Black decided not to accept the
piece sacrifice.} ({A stronger move is} 16. Qg3 $1 {which puts further
pressure on Black's position.} {After} Qd7 17. Rxc8+ Qxc8 18. Bxe5 {White is
better placed with his pieces than in the game.} {The main line follows} dxe5 (
{In the event of} 18... O-O {play is similar to the game but better for White.
Now perhaps the strongest option is} 19. Bc3 $5 $14 {keeping the two bishops
and a stable grip on the position.} ({However grabbing a pawn by} 19. Bxd6 {
is also possible when} Ne4 20. Qe5 Bxd6 21. Qxe4 Re8 $132 {is better for White
but should give Black enough counterplay to maintain a draw if he defends well.
})) (18... Qd7 {defends the pawn on d6 but is rather slow. White is doing well
after} 19. Bc3 ({The speculative} 19. Qxg7 $5 {is exciting but not too good
after} Rg8 20. Bxf6 Rxg7 21. Bxg7 $44 {when I believe White has sufficient
compensation but not more.}) 19... O-O 20. Bc2 $14 {with a stable advantage
for White thanks to the active position and the strong pair of bishops. Now
lifiting the rook to d4 is an interesting idea aiming for a straight forward
attack against Black's king.}) 19. d6 Bd8 20. Qxe5+ Kf8 21. d7 $1 Qc6 22. Qb8
Qb6 23. Bc4 $1 {intending b4 and Rd6 when White will win back the sacrificed
material with a better endgame in the worst case. Esserman gives the possible
line} Rg8 $1 24. b4 Qc7 25. Qxc7 Bxc7 26. d8=Q+ Bxd8 27. Rxd8+ Ke7 28. Rxg8
Nxg8 29. Kf1 $14 {when indeed White has a pleasant endgame with good winning
chances due to the bishop being superior to the knight when there are pawns on
both wings.}) 16... Qd7 17. Rxc8+ Qxc8 18. Bxe5 O-O {A good practical decision
as my opponent was getting slightly low on time while I was up till now more
or less in my preparation.} ({After} 18... dxe5 19. d6 Bd8 (19... Bxd6 20. Rxd6
O-O 21. Qxe5 Re8 22. Qd4 $14) 20. Qxe5+ {we are back to the line arising after
16.Qg3!} Kf8 21. d7 Qc6 22. Qb8 Qb6 23. Bc4 $1 Rg8 24. b4 Qc7 25. Qxc7 Bxc7 26.
d8=Q+ Bxd8 27. Rxd8+ Ke7 28. Rxg8 Nxg8 29. Kf1 $14 {Esserman}) 19. Bf4 {
This move is aimed to attack the weak d6 pawn. Now White can also join the
attack with the queen to b6 at some point.} ({Also interesting was} 19. Bd4 $5
$14 {centralising the bishop. White keeps good control and is slightly better.}
) 19... Qd7 20. Rc1 Bd8 {Black is somewhat passive but remains solid.} 21. Qd4
{Preparing the queen manoeuvre to b4 when Black will have problems defending
both b7 and d6.} Re8 22. Qb4 Be7 23. Ba4 {Played after thinking far too long
in a critical position. Indeed Black is now forced to some weakening of his
pawn structure but on the other hand White loses important time for this
achievement.} ({My original plan} 23. Qb6 {seems like a better option when
Black needs to take care about inviting the rook on to c7.} {During the game I
was slightly concerned about} Bf8 $5 {when Black can get active counterplay on
the kingside. However White can play calmly by} ({The passive} 23... Rb8 {
was mentioned by Rocha. Although this defends for the moment it's extremely
passive and White has a clear advantage. Now the brave} 24. g4 $1 {to control
important squares for Black is well justified after which Black will have a
difficult time defending.}) 24. Be3 {when after} Rc8 25. Rxc8 Qxc8 26. a4 {
Black is still under pressure without active counterplay.}) 23... b5 24. Bb3
Rc8 {Black simplifies the position and defends his d6-pawn by tactical means.}
25. Rxc8+ (25. Re1 $5 {was probably a better way to play the position. White
has the more active pieces and stands slightly better.}) 25... Qxc8 26. a4 ({
Grabbing the pawn would give Black active counterplay after} 26. Bxd6 Qc1+ $1 (
{Another option is} 26... a5 {but then} 27. Qf4 a4 28. Bd1 Nxd5 29. Qe5 Qe6 30.
Qxe6 fxe6 31. Bxe7 Nxe7 32. Kf1 $14 {gives White the better prospects in the
endgame.}) 27. Kh2 Ne4 $1 28. Qxe4 (28. Bxe7 Qf4+ $11 {leads to perpetual
checks}) 28... Bxd6+ 29. g3 g6 {White is a pawn up, but the opposite coloured
bishops should secure a draw for Black since he has the more active bishop and
an exchange of queens will more or less be a dead draw despite the extra pawn
for White.} (29... Qxb2 $4 {loses to} 30. Qe8+ Bf8 31. Kg2 Qf6 32. d6 $18))
26... Qc5 {A tricky move when approaching time trouble.} 27. Qe1 ({Perhaps the
endgame after} 27. Qxc5 dxc5 28. d6 Bd8 29. Bd1 {would have offered better
winning chances for White. However I felt that Black's king was a bit too
close and could not see any clear way to improve my position while the d6-pawn
eventually might become weak.}) 27... Kf8 28. Be3 Qc7 29. axb5 axb5 30. Qb4 Qb7
31. g4 (31. Qc3 $5) 31... h6 32. Qd4 (32. Qc3 Qa8 33. Kh2 $14) 32... Nd7 33.
Qe4 $6 ({Better was} 33. Qc3 $1 $14 {preventing ...Bf6 due to Qc6!} {At the
same time setting a trap as} Nc5 {loses a pawn after} 34. Bxh6 $1 f6 (34...
Nxb3 $4 35. Bxg7+ $1 Kg8 36. Bh6 $18) 35. Be3 $16) 33... Bf6 $1 {Now Black is
in control and holds an easy draw.} 34. Qb4 Qa6 35. Bc2 Ne5 {Now White should
be slightly careful in view of possible back rank attacks by Black's knight
and queen.} 36. Kg2 (36. b3 {preventing ...Nc4 looks slightly risky following}
Nf3+ 37. Kg2 Nh4+ {with active counterplay for Black.}) 36... Nc4 37. Bc1 g5 $6
(37... Qb7 38. Be4 Qb6 $11 {was to be preferred.}) 38. Bd3 $2 ({A stronger
attempt was} 38. b3 $14 Qa1 39. Bxg5 $1 hxg5 40. bxc4 bxc4 41. Qxc4 $14 {
leaving White a pawn up with some practical winning chances.}) 38... Qa1 39.
Bxc4 bxc4 40. Qxc4 (40. Qxd6+ Kg7 41. Be3 Qb1 $1 $11 {[%cal Gb1e4] This is the
simplest way forcing a draw by perpetual checks after ...Qe4 next.} (41... Qxb2
42. Qc6 c3 43. d6 Qb3 44. d7 Qd1 $11)) 40... Bxb2 41. Be3 Bf6 42. Qc8+ Kg7 43.
Qf5 {White can perhaps claim he has the better bishop but since Black will not
allow an exchange of queens this is not relevant.} Qc3 44. Qe4 Qb2 45. Qf5 Qc3
46. Qe4 Qb2 47. h4 {A last try to complicate matters but Black remains solid
until the end.} gxh4 48. Qf4 Qe5 49. Qxh6+ Kg8 50. Kg1 h3 51. Qxh3 {(=)}
1/2-1/2

[Event "POR-chT"]
[Site "Porto"]
[Date "2016.08.20"]
[Round "9.5"]
[White "Berg, Emanuel"]
[Black "Luch, Michal"]
[Result "1-0"]
[WhiteElo "2579"]
[BlackElo "2448"]
[Annotator "Berg,E"]
[PlyCount "41"]
[EventDate "2016.08.14"]
[EventType "team-tourn"]
[EventRounds "9"]
[EventCountry "POR"]
[SourceTitle "CBM 174"]
[Source "ChessBase"]
[SourceDate "2016.09.13"]
[SourceVersion "1"]
[SourceVersionDate "2016.09.13"]
[SourceQuality "1"]
[WhiteTeam "Mata de Benfica"]
[BlackTeam "Coimbra"]
[WhiteTeamCountry "POR"]
[BlackTeamCountry "POR"]

1. e4 c5 2. d4 $1 {I used to play this move as a very young junior. However at
some point I stopped and went on playing more "proper chess". Perhaps one
contributing reason was that one often heard that this gambit should be
unsound or even refuted. However after having studied some new ideas by Marc
Esserman I've started to play it a bit now and then since 2013 mostly with
successful results. When playing it against an unprepared opponent the Morra
can be a real challenge.} cxd4 3. c3 dxc3 {After some thought my opponent
decided to go for it.} 4. Nxc3 e6 5. Nf3 a6 {This is a quite a popular setup
for Black. This avoids all the immediate tactics connected with Nb5 and Bxf7+
ideas.} 6. Bc4 b5 7. Bb3 Bb7 8. O-O Ne7 {A rare guest in this position
although a common idea in connection with ...Nbc6.} ({The most straightforward
is ofcourse} 8... b4 {which immediately forces White to make up his mind.} {
Playing a gambit the obvious continuation is} 9. Nd5 $1 {as is both analysed
and played by Esserman. If Black accepts the piece sacrifice White will
achieve suitable counterplay due to better development and attacking play
towards Black's king.}) (8... Nc6 {transposes to: 1/2-1/2 (93) Berg,E (2549)
-Khairullin,I (2651) Minsk 2014 CBM 159 [Berg,E]}) 9. Bg5 f6 $146 {Unpinning
the knight on e7 but also creating soem weaknesses in Black's camp.} ({Earlier
games had seen} 9... h6) (9... Nbc6 {and}) (9... b4) 10. Be3 Ng6 (10... Nbc6 {
would transpose back to a familiar line.}) 11. a4 $1 {A positional move which
gives White a better pawn structure before entering the tactical complications.
} b4 {An important point with Black's pawn locked on b4 is that it will now
hinder it's own bishop on f8 to go there.} 12. Nd5 {White sacrifices a knight
in order to open the e-file. But more imortantly he will restrict the
development of Black's queenside since his pawn arriving on d5 will stop Black
from playing ...Nc6.} exd5 13. exd5 {Now d6 is a serious threat.} Bd6 (13... d6
14. Nd4 $36 {gives a hole for the knight on e6}) 14. Nd4 {White is a full
piece down but can play on calmly just improving his position step by step.
Now Nf5 is a serious threat which will bring attacking chances and also take
away the important blackade on d6 from black.} Ne7 $2 {A natural reply in
order to prevent Nf5. However it appears it is far too passive as the game
will show.} (14... O-O {was the move to be played. Following} 15. Nf5 Be5 {
White indeed has a lot of activity but Black is close to finish his
development and is still a piece up. White has many interesting continuations
but the best seems to be} 16. Qd2 $1 {preparing f4 which will win back the
piece while still having some initiative.} {After} d6 17. f4 $44 {White's
compensation is obvious. At the same time Black is very much into the game.})
15. Re1 $1 {A strong move which surpricingly prevents the castle for Black.}
Kf8 {Black tries to hold on to the material but this only makes things worse
for him.} (15... O-O {would run into} 16. Nc6 $1 {winning back material, e.g.}
Bxc6 (16... Qe8 17. Nxe7+ Qxe7 18. Bf4 Qxe1+ 19. Qxe1 Bxf4 20. Qxb4 $18 {
[%csl Rb7,Rf4] wins for White.}) 17. dxc6+ Kh8 18. Qxd6 Nbxc6 19. Bc5 $16 {
with a crushing position for White.}) 16. Qd2 $1 {Preparing for the simple Bf4
which is very hard for Black to deal with.} ({My first intention was to play
the positional} 16. a5 $5 {which also keeps White on top. However after some
thought I concluded that the text was even stronger.}) 16... Qa5 {This leads
to a pretty forced win for White. Although Black had somewhat better options
there was nothing that would save him in the long run.} 17. Bf4 Qc7 18. Rxe7 (
18. Bxd6 Qxd6 19. Rxe7 $1 Qxe7 20. Re1 $18 {would also win for White.}) 18...
Bxf4 19. Qe2 Bxh2+ 20. Kh1 Be5 21. Ne6+ $1 {Since there was no forced
checkmate in view I went for the queen. Black resigned in view of the huge
material loss he would land into.} 1-0

[Event "Seville op"]
[Site "Seville"]
[Date "1992.??.??"]
[Round "6"]
[White "Campora, Daniel Hugo"]
[Black "Nedobora, Mikhail"]
[Result "1-0"]
[WhiteElo "2550"]
[BlackElo "2355"]
[Annotator "Bulletin"]
[PlyCount "91"]
[EventDate "1992.??.??"]
[EventType "swiss"]
[EventRounds "9"]
[EventCountry "ESP"]
[SourceTitle "CBM 029"]
[Source "ChessBase"]
[SourceDate "1992.08.01"]
[SourceVersion "1"]
[SourceVersionDate "1992.08.01"]
[SourceQuality "1"]

1. e4 c5 2. f4 Nc6 3. Nf3 g6 4. Bb5 Bg7 5. Bxc6 bxc6 6. d3 d6 7. O-O Nh6 8. Qe1
f5 9. e5 O-O 10. Bd2 Qb6 11. b3 Nf7 12. Ba5 Qb7 13. Bc3 Nd8 14. Nbd2 Ne6 15.
Qh4 Qd7 16. Ng5 Nxg5 17. Qxg5 Ba6 18. e6 $1 Qe8 (18... Qxe6 19. Rae1 Qf7 20.
Bxg7 Qxg7 21. Rxe7 $16) 19. Bxg7 Kxg7 20. Rae1 Rf6 21. Re3 h6 22. Qh4 Qh8 23.
Nf3 Re8 24. Qe1 $1 Ra8 25. Qa5 Qc8 26. Rfe1 Qb7 27. c4 Rb8 28. h3 Re8 29. Nh4
Kh7 30. Rf1 Ref8 31. Nf3 Rb8 32. Re2 Rg8 33. Nh2 Qb6 34. Qd2 Bc8 35. Rfe1 Qd8
36. Nf3 Rg7 37. Kh1 Qg8 38. Qa5 a6 39. h4 {[Tras bastantes maniobras y
tentativas llega una amenaza tíctica concreta]} Bb7 $6 {[#]} 40. Ng5+ $1 hxg5
41. hxg5 Rf8 42. g3 Kh8 43. Qc3 $1 {[La clave; la asfixia del rey negro cuesta
la dama]} Qh7+ 44. Rh2 Kg8 45. Ree2 Ra8 46. Qa5 1-0

[Event "Bundesliga 1213"]
[Site "Germany"]
[Date "2013.02.03"]
[Round "8"]
[White "Mons, Leon"]
[Black "Naiditsch, Arkadij"]
[Result "1-0"]
[WhiteElo "2339"]
[BlackElo "2704"]
[Annotator "CB"]
[PlyCount "101"]
[EventDate "2012.10.20"]
[EventType "team-tourn"]
[EventRounds "15"]
[EventCountry "GER"]
[SourceTitle "CBM 153"]
[Source "ChessBase"]
[SourceDate "2013.03.14"]
[SourceVersion "1"]
[SourceVersionDate "2013.03.14"]
[SourceQuality "1"]
[WhiteTeam "Forchheim"]
[BlackTeam "Baden-Baden"]
[WhiteTeamCountry "GER"]
[BlackTeamCountry "GER"]
[WhiteClock "0:44:31"]
[BlackClock "0:43:03"]

1. e4 c5 2. d4 cxd4 3. c3 d3 4. Bxd3 Nc6 5. Nf3 g6 6. O-O Bg7 7. c4 d6 8. h3
Nf6 9. Nc3 Nd7 10. Be3 Bxc3 11. bxc3 Qa5 12. Qd2 Nc5 13. Bc2 Be6 14. Nd4 Ne5
15. Nxe6 Nxe6 16. Qd5 Nc5 17. Rab1 Ned7 18. e5 Nb6 19. Rxb6 $5 {Ein
interessantes Qualitätsopfer. Trotz der zersplitterten Bauernstellung am
Damenflügel kompensiert das weiße Läuferpaar die Minusqualität.} axb6 20. exd6
O-O-O 21. Qxf7 exd6 22. Bd1 Kb8 23. Bd4 Rd7 24. Qd5 Rhd8 25. Bg4 Rc7 26. Re1
Nd3 27. Re3 Qxd5 28. cxd5 Nc5 29. Bf6 Rf8 $2 {Jetzt gewinnt Weiß die Qualität
zurück und erhält ein besseres Endspiel. Der Engine-Vorschlag lautet} (29...
Rg8) 30. Be7 Rxe7 31. Rxe7 h5 32. Bd1 b5 33. Be2 Rf5 34. Bxb5 Rxd5 35. Be8 Rg5
36. Rg7 Nd3 37. Rxg6 Re5 38. Bf7 Re1+ 39. Kh2 Nxf2 40. Rg8+ Ka7 41. Bxh5 Rh1+
42. Kg3 Ne4+ 43. Kf4 Nxc3 44. Bf3 Kb6 45. Kg5 d5 46. h4 d4 47. h5 Kc7 48. h6 d3
49. Kg6 Ne2 50. h7 Nf4+ 51. Kf5 1-0

[Event "Baukombinat Leipzig"]
[Site "Leipzig"]
[Date "1984.04.03"]
[Round "2"]
[White "Poloch, Petr"]
[Black "Tischbierek, Raj"]
[Result "0-1"]
[WhiteElo "2365"]
[BlackElo "2450"]
[Annotator "ChessBase"]
[PlyCount "100"]
[EventDate "1984.04.02"]
[EventType "tourn"]
[EventRounds "11"]
[EventCountry "DDR"]
[EventCategory "6"]
[SourceTitle "EXT 2001"]
[Source "ChessBase"]
[SourceDate "2000.11.22"]
[SourceVersion "1"]
[SourceVersionDate "2000.11.22"]
[SourceQuality "1"]

1. e4 c5 2. f4 d5 3. exd5 Nf6 4. Bb5+ (4. c4 e6 5. dxe6 Bxe6 $44) 4... Bd7 5.
Bxd7+ Qxd7 6. c4 e6 7. Qe2 Bd6 8. dxe6 (8. f5 $5 Na6 $5 (8... O-O) 9. dxe6 fxe6
10. fxe6 Qe7 11. Nf3 Nb4 12. Na3 O-O-O 13. O-O Nd3 $44) 8... Qxe6 $1 (8... fxe6
$11) 9. Qxe6+ fxe6 10. Ne2 Nc6 11. O-O O-O-O 12. Nbc3 Nb4 13. b3 e5 $1 $17 {N}
14. Rb1 Rhe8 15. f5 e4 16. Ba3 Nc2 17. Bb2 (17. Nb5 Be5 18. Nxa7+ Kb8 19. Bxc5
Rxd2 20. Nf4 Bxf4 21. Rxf4 e3 $19) 17... Be5 18. Rbd1 Bd4+ 19. Nxd4 (19. Kh1
Ng4 $19) 19... cxd4 20. Ne2 d3 $2 (20... Nh5 $1 {/\ d3-+}) 21. Nf4 e3 22. dxe3
Nxe3 23. Rxd3 Rxd3 24. Nxd3 Nxf1 (24... Rd8 25. Nb4 Nxf1 26. Kxf1 Rd2 27. Bc3)
25. Kxf1 Ng4 $1 26. Bxg7 Ne3+ 27. Kf2 Nxf5 $11 28. Be5 Rd8 29. Ke2 Nh4 30. g4
Re8 31. Kf2 Rd8 32. Ke2 Rg8 $6 33. h3 (33. Bf6 $1 Rxg4 34. Nf2 Rf4 35. Bg5 Rd4
36. Bf6 Rf4 $11) 33... Re8 34. Ke3 $2 Kd7 35. Kd4 $2 (35. Kf2) 35... Nf3+ 36.
Kd5 Nxe5 37. Nxe5+ Ke7 38. Nd3 Rf8 $19 39. Ke4 Rf1 40. h4 Ra1 41. a4 a5 42. Nf4
Rb1 43. g5 Rxb3 44. g6 hxg6 45. Nxg6+ Kd6 $1 46. h5 Kc5 47. Kf5 Kxc4 48. Kg4 b5
49. axb5 Rxb5 50. h6 a4 0-1

[Event "Leipzig Einladungsturnier-17"]
[Site "Leipzig"]
[Date "1978.12.12"]
[Round "9"]
[White "Hennings, Artur"]
[Black "Knaak, Rainer"]
[Result "1-0"]
[WhiteElo "2445"]
[BlackElo "2520"]
[Annotator "ChessBase"]
[PlyCount "71"]
[EventDate "1978.12.04"]
[EventType "tourn"]
[EventRounds "11"]
[EventCountry "DDR"]
[EventCategory "6"]
[SourceTitle "EXT 1999"]
[Source "ChessBase"]
[SourceDate "1998.11.16"]
[SourceVersion "1"]
[SourceVersionDate "1998.11.16"]
[SourceQuality "1"]

1. e4 {Baumbach} c5 2. f4 e6 3. Nf3 Nc6 4. Bb5 Qc7 $6 (4... Nge7 {Baumbach}) 5.
O-O a6 6. Bxc6 Qxc6 7. Nc3 Nf6 8. d3 b5 9. f5 b4 $6 10. fxe6 $5 fxe6 (10...
bxc3 {Baumbach} 11. exf7+ Kd8 12. bxc3 $13) 11. Ne2 Bb7 12. Ng3 Be7 13. Ne5 Qc7
14. Nc4 {Weiss ist aus der Eröffnung mit etwas Vorteil hervorgegangen. Der
schwarze Bb7 wird durch die Pd3 und Pe4 neutralisiert, und der schwarze König
steht nirgends sicher.} O-O 15. Bf4 d6 16. Qe2 Rae8 17. Rf2 Qd8 18. Raf1 Kh8
19. Nh5 {Nach dem vollzogenen Aufmarsch beginnt Weiss, den schwarzen
Königsflügel zu beunruhigen.} Bc6 20. h3 Nxh5 21. Qxh5 Bb5 22. Ne3 Bf6 23. e5
$1 g6 (23... dxe5 {Baumbach} 24. Bxe5 $16) 24. Qg4 Bg7 (24... dxe5 {Baumbach}
25. Bh6 Rf7 26. Qe4 {/\ 27.Ng4}) 25. exd6 e5 26. Bg5 Qxd6 27. Rxf8+ Rxf8 28.
Rxf8+ Qxf8 $2 {Schwarz musste schnell ziehen und konnte das Eindringen der
weissen Q nach e6 nicht mehr richtig einschätzen.Danach entstehen jedoch
unparierbare Drohungen.} (28... Bxf8 {Baumbach} 29. Qf3 $16) 29. Qe6 $1 h6 30.
Be7 Qe8 31. Nd5 c4 32. Nf6 Bxf6 (32... Qa8 {Baumbach} 33. dxc4 $18) 33. Qxf6+
Kh7 34. Bxb4 cxd3 35. cxd3 Bd7 $2 {Noch immer Zeitnot, bei anderen Zügen
gewinnt Weiss mit Bb4-c3xe5} 36. Bf8 $1 1-0